Việc sử dụng đồ dùng trực quan để dạy học lịch sử Thế giới cận đại (1556 - 1871) cho học sinh lớp 10 (BCB) ở trường THPT
Cơ sở lý luận và thực tiễn của việc sử dụng đồ dùng trực quan để dạy học lịch sử Thế giới cận đại (1556 - 1871) cho học sinh lớp 10 (BCB) ở trường THPT.Các loại đồ dùng trực quan để dạy học lịch sử Thế giới cận đại (1556 - 1871) cho học sinh lớp 10 (BCB) ở trường THPT. Các hình thức và biện pháp sử...
Kaydedildi:
| Yazar: | |
|---|---|
| Diğer Yazarlar: | |
| Materyal Türü: | Kitap |
| Dil: | Vietnamese |
| Baskı/Yayın Bilgisi: |
Đại học Đà Nẵng
Trường đại học Sư Phạm
2007
|
| Seri Bilgileri: | Khóa luận tốt nghiệp đại học. Chuyên ngành: Sư phạm Sử
|
| Konular: | |
| Etiketler: |
Etiketle
Etiket eklenmemiş, İlk siz ekleyin!
|
| Thư viện lưu trữ: | Mạng thư viện Đại học Đà Nẵng |
|---|
| LEADER | 01724nam a2200325 4500 | ||
|---|---|---|---|
| 001 | 000012307 | ||
| 003 | 8601 | ||
| 005 | 20120217130243.0 | ||
| 008 | 120217s2007 viesd | ||
| 041 | |a vie | ||
| 072 | |a Khóa luận tốt nghiệp | ||
| 082 | |a 909.82071 |b NG-T | ||
| 100 | |a Nguyễn, Thị Kim Thoa | ||
| 245 | |a Việc sử dụng đồ dùng trực quan để dạy học lịch sử Thế giới cận đại (1556 - 1871) cho học sinh lớp 10 (BCB) ở trường THPT |c Nguyễn, Thị Kim Thoa | ||
| 260 | |a Đại học Đà Nẵng |b Trường đại học Sư Phạm |c 2007 | ||
| 300 | |a 55 tr. |c 29 cm | ||
| 490 | |a Khóa luận tốt nghiệp đại học. Chuyên ngành: Sư phạm Sử | ||
| 500 | |a Tham khảo tr.54 + phụ lục [32 tr.] | ||
| 520 | |a Cơ sở lý luận và thực tiễn của việc sử dụng đồ dùng trực quan để dạy học lịch sử Thế giới cận đại (1556 - 1871) cho học sinh lớp 10 (BCB) ở trường THPT.Các loại đồ dùng trực quan để dạy học lịch sử Thế giới cận đại (1556 - 1871) cho học sinh lớp 10 (BCB) ở trường THPT. Các hình thức và biện pháp sử dụng đồ dùng trực quan để dạy học lịch sử Thế giới cận đại (1556 - 1871) cho học sinh lớp 10 (BCB) ở trường THPT | ||
| 653 | |a Khóa luận tốt nghiệp đại học | ||
| 653 | |a Khoa Lịch Sử | ||
| 700 | |a Dương, Thị Tuyết |c Th.S |e Hướng dẫn | ||
| OWN | |a LSP | ||
| 999 | |a From the UDN01 | ||
| TYP | |a Monograph | ||
| TYP | |a Printed language | ||
| 980 | |a Mạng thư viện Đại học Đà Nẵng | ||